Biochemistry For Dental Students (Record no. 15570)

MARC details
000 -LEADER
fixed length control field 00329nam a22001457a 4500
003 - CONTROL NUMBER IDENTIFIER
control field SGT
020 ## - INTERNATIONAL STANDARD BOOK NUMBER
International Standard Book Number 9788172253042
082 ## - DEWEY DECIMAL CLASSIFICATION NUMBER
Classification number 612.015
Item number B08S
100 ## - MAIN ENTRY--PERSONAL NAME
Personal name D C Sharma
245 ## - TITLE STATEMENT
Title Biochemistry For Dental Students
260 ## - PUBLICATION, DISTRIBUTION, ETC. (IMPRINT)
Place of publication, distribution, etc NEW DELHI
Name of publisher, distributor, etc I.B. PUBLISHER
Year of Publication 2008
300 ## - PAGE DESCRIPTION
No. of Pages 372
650 ## - SUBJECT ADDED ENTRY--TOPICAL TERM
Topical term or geographic name as entry element Biochemistry
942 ## - ADDED ENTRY ELEMENTS (KOHA)
Source of classification or shelving scheme Dewey Decimal Classification
Koha item type Books
Holdings
Withdrawn status Lost status Source of classification or shelving scheme Damaged status Not for loan Home library Current library Shelving location Date acquired Vendor Name Cost, normal purchase price SGTU Bill Number Total Checkouts Full call number Accession No. (Barcode) Date last seen Bill Date Koha item type
    Dewey Decimal Classification   Not For Loan SGT Dental Library SGT Dental Library Directory 14/06/2018 ABC 275.00 SGTU 9730   612.015 B08S FD7707 14/06/2018 15/05/2018 Books
    Dewey Decimal Classification     SGT Dental Library SGT Dental Library Directory 14/06/2018 ABC 275.00 SGTU 9730   612.015 B08S FD7708 14/06/2018 15/05/2018 Books
    Dewey Decimal Classification     SGT Dental Library SGT Dental Library Directory 14/06/2018 ABC 275.00 SGTU 9730   612.015 B08S FD7709 14/06/2018 15/05/2018 Books